000 01444cam a2200409 i 4500
001 17705935
003 OSt
005 20200617111901.0
008 121203s2012 ii b 001 0 eng d
010 _a 2013316212
016 7 _a016254170
_2Uk
020 _a9789380607375
020 _a9380607377
025 _aI-E-2013-316212; 59-91; 56-91
035 _a(OCoLC)ocn828414047
035 _a(OCoLC)828414047
037 _aLibrary of Congress -- New Delhi Overseas Office
040 _aUKMGB
_beng
_erda
_coclc
_dOCLCO
_dDLC
042 _alccopycat
_alcode
043 _aa-ii---
050 0 0 _aDS459
_b.S525 2012
082 _a954.56
_bSID/C
100 _aSiddiqui, Iqtidar Husain
_eauthor.
_93006
245 1 0 _aComposite culture under the Sultanate of Delhi /
_cIqtidar Husain Siddiqui
246 3 1 _aSultanate of Delhi
264 1 _aDelhi :
_bPrimus Books,
_c2012.
300 _a191 pages ;
_c25 cm
336 _atext
_btxt
_2rdacontent
337 _aunmediated
_bn
_2rdamedia
338 _avolume
_bnc
_2rdacarrier
504 _aIncludes bibliographical references (pages 175-180) and index.
505 0 _aPt. 1. Life and culture -- pt. 2. Delhi Sultanate and Central Asia -- pt. 3. Gender studies.
651 0 _aDelhi (Sultanate)
_xCivilization.
906 _a7
_bcbc
_ccopycat
_d3
_encip
_f20
_gy-gencatlg
942 _2ddc
_cBK
_h954.56
_iSID/C
_k954.56
_mSID/C
999 _c21667
_d21667